AI and machine learning for on-device development : (Record no. 25906)
[ view plain ]
| 000 -LEADER | |
|---|---|
| fixed length control field | 01545cam a2200433 i 4500 |
| 005 - DATE AND TIME OF LATEST TRANSACTION | |
| control field | 20230711121433.0 |
| 008 - FIXED-LENGTH DATA ELEMENTS--GENERAL INFORMATION | |
| fixed length control field | 220719t20212021maua 001 0 eng d |
| 010 ## - LIBRARY OF CONGRESS CONTROL NUMBER | |
| LC control number | 2022275560 |
| 015 ## - NATIONAL BIBLIOGRAPHY NUMBER | |
| National bibliography number | GBC1B4081 |
| Source | bnb |
| 016 7# - NATIONAL BIBLIOGRAPHIC AGENCY CONTROL NUMBER | |
| Record control number | 020264943 |
| Source | Uk |
| 020 ## - INTERNATIONAL STANDARD BOOK NUMBER | |
| ISBN | 9781098101749 |
| Qualifying information | paperback |
| 035 ## - SYSTEM CONTROL NUMBER | |
| System control number | (OCoLC)on1263777989 |
| 040 ## - CATALOGING SOURCE | |
| Original cataloging agency | UKMGB |
| Language of cataloging | eng |
| Transcribing agency | UKMGB |
| Description conventions | rda |
| Modifying agency | OCLCO |
| -- | OEM |
| -- | BDX |
| -- | OCLCF |
| -- | JRZ |
| -- | YDX |
| -- | OCLCO |
| -- | MHD |
| -- | DLC |
| 042 ## - AUTHENTICATION CODE | |
| Authentication code | lccopycat |
| 050 00 - LIBRARY OF CONGRESS CALL NUMBER | |
| Classification number | Q325.5 |
| Item number | .M662 2021 |
| 082 04 - DEWEY DECIMAL CLASSIFICATION NUMBER | |
| Classification number | 006.31 |
| Edition number | 23 |
| Item number | MOR-A |
| 100 1# - MAIN ENTRY--AUTHOR | |
| Author Name | Moroney, Laurence, |
| 245 10 - TITLE STATEMENT | |
| Title | AI and machine learning for on-device development : |
| Remainder of title | a programmer's guide / |
| Statement of responsibility, etc. | Laurence Moroney. |
| 250 ## - EDITION STATEMENT | |
| Edition statement | First edition. |
| 300 ## - PHYSICAL DESCRIPTION | |
| Pages | xv, 309 pages : |
| 336 ## - CONTENT TYPE | |
| Content type term | text |
| Content type code | txt |
| Source | rdacontent |
| 337 ## - MEDIA TYPE | |
| Media type term | unmediated |
| Media type code | n |
| Source | rdamedia |
| 338 ## - CARRIER TYPE | |
| Carrier type term | volume |
| Carrier type code | nc |
| Source | rdacarrier |
| 500 ## - GENERAL NOTE | |
| General note | Includes index. |
| 650 #0 - SUBJECT ADDED ENTRY--TOPICAL TERM | |
| Subject / Department | Application software |
| General subdivision | Development. |
| 650 #0 - SUBJECT ADDED ENTRY--TOPICAL TERM | |
| Subject / Department | Machine learning. |
| 650 #0 - SUBJECT ADDED ENTRY--TOPICAL TERM | |
| Subject / Department | Mobile computing. |
| 650 #6 - SUBJECT ADDED ENTRY--TOPICAL TERM | |
| Subject / Department | Logiciels d'application |
| General subdivision | Développement. |
| 650 #6 - SUBJECT ADDED ENTRY--TOPICAL TERM | |
| Subject / Department | Apprentissage automatique. |
| 650 #6 - SUBJECT ADDED ENTRY--TOPICAL TERM | |
| Subject / Department | Informatique mobile. |
| 650 #7 - SUBJECT ADDED ENTRY--TOPICAL TERM | |
| Subject / Department | Application software |
| General subdivision | Development. |
| Source of heading or term | fast |
| Authority record control number or standard number | (OCoLC)fst00811707 |
| 650 #7 - SUBJECT ADDED ENTRY--TOPICAL TERM | |
| Subject / Department | Machine learning. |
| Source of heading or term | fast |
| Authority record control number or standard number | (OCoLC)fst01004795 |
| 650 #7 - SUBJECT ADDED ENTRY--TOPICAL TERM | |
| Subject / Department | Mobile computing. |
| Source of heading or term | fast |
| Authority record control number or standard number | (OCoLC)fst01024221 |
| 264 #1 - PRODUCTION, PUBLICATION, DISTRIBUTION, MANUFACTURE, AND COPYRIGHT NOTICE | |
| Place of production, publication, distribution, manufacture | Boston : |
| Name of producer, publisher, distributor, manufacturer | O'Reilly Media, |
| Date of production, publication, distribution, manufacture, or copyright notice | 2021. |
| 264 #4 - PRODUCTION, PUBLICATION, DISTRIBUTION, MANUFACTURE, AND COPYRIGHT NOTICE | |
| Date of production, publication, distribution, manufacture, or copyright notice | ©2021 |
| 300 ## - PHYSICAL DESCRIPTION | |
| -- | illustrations ; |
| -- | 24 cm |
| 906 ## - LOCAL DATA ELEMENT F, LDF (RLIN) | |
| a | 7 |
| b | cbc |
| c | copycat |
| d | 2 |
| e | ncip |
| f | 20 |
| g | y-gencatlg |
| 952 ## - LOCATION AND ITEM INFORMATION (KOHA) | |
| -- | 0 |
| -- | 0 |
| Lost status | Damaged status | Permanent Location | Current Location | Shelving Location | Date acquired | Full Call Number | Accession No./Barcode | Date last seen | item type |
|---|---|---|---|---|---|---|---|---|---|
| Superior Information Resource Center (SIRC) Superior University- Gold Campus | Superior Information Resource Center (SIRC) Superior University- Gold Campus | Robotics | 07/11/2023 | 006.31 MOR-A 2012 | 19416 | 02/01/2025 | BOOK |
